| 000 | 01312nam a22002057a 4500 | ||
|---|---|---|---|
| 999 |
_c63632 _d63632 |
||
| 003 | Ge_BSU | ||
| 005 | 20251119193913.0 | ||
| 008 | 251119s1970 ge ||||| |||| 00| 0 geo d | ||
| 041 | _ageo | ||
| 080 | _a330.1: 330.3.342.152 ქ-66 | ||
| 100 |
_aქორიძე, დიმიტრი _926275 |
||
| 245 |
_aკომუნისტური საზოგადოების პოლიტიკური ეკონომიის ძირითადი საკითხები. (ეკონომიური კანონები და კატეგორიები) : _bდამხმ. სახელმძღვანელო უმაღლესი სასწავლებლების სტუდენტებისათვის / _cდიმიტრი ქორიძე; რედ.:ლ. ხარაზი. |
||
| 264 |
_aთბ. : _bთბილ. უნ-ტის გამ-ბა, _c1970. |
||
| 300 |
_a420 გვ. ; _b 21 სმ. |
||
| 653 | _aპოლიტიკური ეკონომია | ||
| 653 | _aეკონომიური კანონები | ||
| 653 | _aეკონომიური კატეგორიები | ||
| 700 |
_aხარაზი, ლ. _eრედაქტორი _926276 |
||
| 942 |
_2udc _cᲬᲘᲒᲜᲘ |
||